000 01037nam a2200289 a 4500
001 000029190
003 DO-SdBPM
005 20260511102717.0
007 ta
008 110414s20uu dr 000 0 spa d
040 _aDO-SdBPM
_bspa
_cBPMSU
_drda
_e
082 0 4 _a972.93
_bV427a
_222
245 1 0 _a20 años del concurso de historia dominicana /
_cintroducción Divina Carmen Franco de Damiano
246 1 3 _aveinte años del concurso de historia dominicana.
264 _a[Santo Domingo]
_bFundación del Libro Divina Franco,
_c[200-?]
300 _a48 páginas ;
_c26 cm.
_b
336 _atexto
_btxt
_2rdacontent
337 _asin mediación
_bn
_2rdamedia
338 _avolumen
_bnc
_2rdacarrier
590 _aInventariado, 2026 /VM
651 7 _aRepública Dominicana
_xHistoria
_vConcursos
651 7 _a República Dominicana
_xHistoria
_vPremios
700 1 _aFranco de Damiano, Divina,
_d1931-
710 2 _aFundación del Libro " Divina Franco"
910 _aVMateo V. Control de calida. BPMSU
942 _2ddc
_cBK
999 _c15837
_d15837